000 00286nam a22001337a 4500
008 170921b xxu||||| |||| 00| 0 eng d
020 _a9780825615146
041 _aeng
080 _a78
100 _a45
101 _aMUZ
245 _aYOU CAN READ MUSIC
_cAPPLEBY,A
942 _2udc
_cBK
999 _c28791
_d28791